000 01795nam a22004697a 4500
003 CHAP
005 20220329143257.0
008 071210s2007 mx r 00010 spa d
010 _a94327
011 _a95299
035 _a105918
040 _cCHAP
090 _aTesis
100 1 _aAvila Rosas, Eduardo
_98831
245 1 0 _aPropuesta de desarrollo de los programas prerequisito para un plan HACCP en la Unidad Tecnologica Lechera (UTL)
_c/por Eduardo Avila Rosas
260 _aChapingo, Méx. :
_bEl autor,
_c2007.
300 _a137 h. :
_bgráfs. ; cuadros. ; anexos
502 _aTesis (Ing. Agroindustrial)-- UACH. Departamento de Ingenería Agroindustrial
530 _aTambién disponible en línea
590 _aALEPH
_b10
_c20130110
_lUCH01
_h1521
590 _aBATCH-UPD
_b10
_c20130110
_lUCH01
_h0425
590 _aBATCH-UPD
_b10
_c20130110
_lUCH01
_h2107
590 _aBATCH-UPD
_b10
_c20130410
_lUCH01
_h0100
590 _aBATCH-UPD
_b10
_c20130914
_lUCH01
_h0214
590 _aBATCH-UPD
_b10
_c20140324
_lUCH01
_h1505
590 _aBATCH-UPD
_b10
_c20141002
_lUCH01
_h0835
590 _aBATCH
_b00
_c20181121
_lUCH01
_h0758
590 _aCONVERSION
_b10
_c20130109
_lUCH01
_h1352
650 1 4 _aAlimentos
_xAnálisis.
_94164
650 1 4 _aAlimentos
_xNormas de calidad.
_94256
650 1 4 _aEmpresas pequeñas.
_936658
650 1 4 _aEstudiantes
_xAlimentación.
_938491
650 1 4 _aIndustria lechera.
_957819
650 1 4 _aProductos lácteos
_xConsumo.
_992128
856 _3Finding aid
_uhttp://10.13.5.2/tesis/105918.pdf
_zTeclea aqui
856 _a1
_n0000641
901 _aBK
905 _aLuisgm
942 _cFOLL
949 _aTesis
_bBC
_cTES
_d33724002044033
_eTS2
_fc.2
_gDonaciØn
_h47494
_i105918
_si
949 _aTesis
_bBC
_cTES
_d33724002044074
_eTS1
_gDonaciØn
_h47493
_i105918
_sb
999 _c94327
_d94327